Lico Rodríguez. escultor de imaginería religiosa /
Na minha lista:
| Autor principal: | |
|---|---|
| Formato: | Desconhecido |
| Idioma: | Spanish |
| Publicado em: |
Costa Rica :
Editorial de la Universidad Estatal a Distancia,
1997.
|
| Assuntos: | |
| Tags: |
Adicionar Tag
Sem tags, seja o primeiro a adicionar uma tag!
|
MARC
| LEADER | 000000000a22000000004500 | ||
|---|---|---|---|
| 001 | 003684 | ||
| 020 | |a 9977648565 | ||
| 041 | 0 | |a spa | |
| 082 | 0 | 4 | |a 790.972.86 |b M638l |
| 100 | 1 | |a Méndez Montero, Reymundo | |
| 245 | 1 | 0 | |a Lico Rodríguez. escultor de imaginería religiosa / |c Reymundo Méndez Montero. |
| 260 | 1 | |a Costa Rica : |b Editorial de la Universidad Estatal a Distancia, |c 1997. | |
| 300 | |a 200 páginas ; |c 21 cm. | ||
| 650 | 4 | |a ARTE RELIGIOSO | |
| 650 | 4 | |a ARTE Y RELIGION | |
| 650 | 4 | |a IMAGENES E IDOLOS | |
| 650 | 4 | |a ARTE CRISTIANO | |
| 650 | 4 | |a COSTA RICA | |
| 650 | 4 | |a ESCULTURA RELIGIOSA | |
| 650 | 4 | |a RODRIGUEZ, LICO | |
| 999 | |c 10153 |d 10153 | ||
| 942 | |c BK |h 790.972.86 M638l |2 z | ||



